| 000 | 00667nam a22002057a 4500 | ||
|---|---|---|---|
| 999 |
_c1886 _d1886 |
||
| 001 | 8910 | ||
| 003 | BD-DhUAP | ||
| 005 | 20210127094229.0 | ||
| 008 | 200217s1935 pk ||||| |||| 00| 0 eng d | ||
| 040 |
_aBD-DhUAP _bEng _cBD-DhUAP _dBD-DhUAP |
||
| 082 |
_223 _a347.54051 CIV |
||
| 245 |
_aCivil rules and orders : _bfor the guidance of civil courts and officers subordinate to the high court at Calcutta. |
||
| 260 |
_aCalcutta : _bWest Bengal Government Press, _c1935. |
||
| 300 |
_aparts ; _c25 cm. |
||
| 505 | _aP. 2-- | ||
| 650 |
_aCourt rules _zWest Bengal. |
||
| 650 |
_aCivil procedure _zWest Bengal. |
||
| 710 | _aAuthority of the High Court. | ||
| 942 |
_2ddc _cBK |
||